| 000 | 00418nam a2200181Ia 4500 | ||
|---|---|---|---|
| 001 | 10702 | ||
| 005 | 20260306161851.0 | ||
| 008 | 260306t1976||||xx |||||||||||||| ||spa|| | ||
| 041 | _aESP | ||
| 082 |
_a946.081 _bT48 T. 2 |
||
| 100 |
_aThomas, Hugh _eAUT |
||
| 245 | 0 | _aLa guerra civil espaƱola 1936-1939 | |
| 260 | _c1976 | ||
| 300 |
_a _c19 cm. |
||
| 650 | _aGEN | ||
| 654 | _aCHU | ||
| 942 |
_cLIB _dJUS _fJUS _2ddc _n |
||
| 999 |
_c10702 _d10702 |
||